Devín banka výročná správa 1999

Saved in:
Bibliographic Details
Format: Book
Language:Slovak
English
Russian
Published: Bratislava Devín banka 2000
Subjects:
Tags: Add Tag
No Tags, Be the first to tag this record!

MARC

LEADER 00000nam a2200000 4500
001 c124459
005 20240104101053.6
041 0 |a slo 
041 0 |a eng 
041 0 |a rus 
044 |a SK 
245 1 0 |a Devín banka  |b výročná správa 1999 
264 1 |a Bratislava  |b Devín banka  |c 2000 
300 |a 88 s. 
610 2 0 |a banky 
610 2 0 |a banky obchodné